000 00510nam a2200217Ia 4500
001 14548
003 GE_BSU
008 181216s||||||||xx |||||||||||||| ||und||
020 _a1856137899
040 _cGE_BSU
080 _a641
100 _aGlenville,Marilyn
245 _aNatural Alternatives to HRT Cookbook
260 _aLondon
260 _bTed Smart
260 _c2000
300 _a192p.ill.25cm.
653 _aNatural Alternatives to HRT
653 _aკულინარია
942 _cBK
999 _c47679
_d47679